MARC

LEADER 00000nam0a2200000 4500
001 53431
005 20231031045249.0
035 |a (RuTPU)RU\TPU\book\56022 
090 |a 53431 
100 |a 20030619d1972 m y0rusy50 ca 
101 0 |a rus 
102 |a RU 
105 |a a j 001zy 
200 1 |a Технология производства резисторов  |e учебное пособие  |f К. И. Мартюшов, Ю. В. Зайцев 
210 |a Москва  |c Высшая школа  |d 1972 
215 |a 312 с.  |c ил. 
320 |a Библиогр.: с. 309-311. 
610 1 |a резисторы 
610 1 |a терморезисторы 
610 1 |a варисторы 
610 1 |a фоторезисторы 
610 1 |a композиционные резисторы 
610 1 |a проволочные резисторы 
610 1 |a углеродистые резисторы 
610 1 |a производство 
610 1 |a учебные пособия 
675 |a 621.316.8(075.8)  |v 3 
700 1 |a Мартюшов  |b К. И.  |g Константин Иванович 
701 1 |a Зайцев  |b Ю. В.  |g Юлий Владимирович 
801 1 |a RU  |b 63413507  |c 20030619  |g PSBO 
801 2 |a RU  |b 63413507  |c 20130827  |g PSBO 
942 |c BK